[Event "Milan Carnevale op 4th"]
[Site "Milan"]
[Date "2013.02.17"]
[Round "5"]
[White "Egli, Urs Martin"]
[Black "Cetta, Andrea"]
[Result "1/2-1/2"]
[WhiteElo "2099"]
[BlackElo "1839"]
[PlyCount "48"]
[EventDate "2013.02.13"]
[EventType "swiss"]
[EventRounds "6"]
[EventCountry "ITA"]
[SourceTitle "EXT 2014"]
[Source "ChessBase"]
[SourceDate "2013.11.20"]
[SourceVersion "1"]
[SourceVersionDate "2013.11.20"]
[SourceQuality "1"]

1. e4 c5 2. Nf3 Nc6 3. Nc3 d6 4. d4 cxd4 5. Nxd4 Nf6 6. Bc4 e5 7. Nf5 Be6 8. Bb3 Qd7 9. Ne3 Be7 10. Ned5 0-0 11. Nxf6+ Bxf6 12. Nd5 Bd8 13. Be3 Kh8 14. Qd2 Ba5 15. c3 f5 16. exf5 Bxf5 17. 0-0 Be6 18. Rad1 Qf7 19. Kh1 a6 20. f3 b5 21. a3 Rad8 22. Qd3 Bf5 23. Qe2 Be6 24. Qd3 Bf5 1/2-1/2

[Event "Milan Carnevale op 4th"]
[Site "Milan"]
[Date "2013.02.16"]
[Round "4"]
[White "Cetta, Andrea"]
[Black "Iudicello, Giovanni"]
[Result "1/2-1/2"]
[WhiteElo "1839"]
[BlackElo "2130"]
[PlyCount "85"]
[EventDate "2013.02.13"]
[EventType "swiss"]
[EventRounds "6"]
[EventCountry "ITA"]
[SourceTitle "EXT 2014"]
[Source "ChessBase"]
[SourceDate "2013.11.20"]
[SourceVersion "1"]
[SourceVersionDate "2013.11.20"]
[SourceQuality "1"]

1. d4 Nf6 2. c4 g6 3. Nc3 Bg7 4. e4 d6 5. f4 0-0 6. Nf3 c5 7. d5 e6 8. Be2 exd5 9. cxd5 Re8 10. e5 dxe5 11. fxe5 Ng4 12. e6 fxe6 13. Bg5 Qb6 14. Qd2 Nf6 15. d6 Nd5 16. Ne4 Qxb2 17. Qxb2 Bxb2 18. Rb1 Bc3+ 19. Kf2 b6 20. Rhc1 Bg7 21. Bc4 Bd7 22. Re1 Nc6 23. Kg3 h6 24. Bxh6 Nf6 25. Bxg7 Nxe4+ 26. Rxe4 Kxg7 27. Rbe1 Kf6 28. Rf4+ Kg7 29. Rfe4 Rad8 30. Bxe6 Bxe6 31. Rxe6 Rxe6 32. Rxe6 Rd7 33. Ng5 c4 34. Kf4 b5 35. Ke4 c3 36. Kd3 b4 37. Nf3 a5 38. h4 Kf7 39. Ng5+ Kg7 40. Nf3 Kf7 41. Ng5+ Kf8 42. Nf3 Kf7 43. Ng5+ 1/2-1/2

[Event "Milan Carnevale op 4th"]
[Site "Milan"]
[Date "2013.02.14"]
[Round "2"]
[White "Petrone, Gianmario"]
[Black "Cetta, Andrea"]
[Result "1/2-1/2"]
[WhiteElo "1968"]
[BlackElo "1839"]
[PlyCount "80"]
[EventDate "2013.02.13"]
[EventType "swiss"]
[EventRounds "6"]
[EventCountry "ITA"]
[SourceTitle "EXT 2014"]
[Source "ChessBase"]
[SourceDate "2013.11.20"]
[SourceVersion "1"]
[SourceVersionDate "2013.11.20"]
[SourceQuality "1"]

1. e4 c5 2. Nf3 Nc6 3. d4 cxd4 4. Nxd4 Nf6 5. Nc3 e5 6. Ndb5 d6 7. Bg5 a6 8. Na3 b5 9. Bxf6 gxf6 10. Nd5 Bg7 11. Bd3 Ne7 12. Nxe7 Qxe7 13. 0-0 0-0 14. c4 f5 15. cxb5 fxe4 16. Bxe4 Rb8 17. b6 Rxb6 18. Nc4 Rb4 19. Qxd6 Qxd6 20. Nxd6 Rxb2 21. Nxc8 Rxc8 22. Rfb1 Rcb8 23. h3 Rxb1+ 24. Rxb1 Rxb1+ 25. Bxb1 Bf8 26. Kf1 Kg7 27. Ke2 a5 28. f3 h6 29. Ke3 f6 30. Ke4 Bc5 31. Kd5 Bb4 32. Ke6 Bc5 33. h4 Bf2 34. h5 Bc5 35. g4 Be3 36. Kf5 Bd2 37. Bc2 Be3 38. Bb3 Bd2 39. Ke4 Bg5 40. Kd3 Bf4 1/2-1/2

[Event "Milan Carnevale op 4th"]
[Site "Milan"]
[Date "2013.02.13"]
[Round "1"]
[White "Cetta, Andrea"]
[Black "Guidi, Giacomo G"]
[Result "1/2-1/2"]
[WhiteElo "1839"]
[BlackElo "1990"]
[PlyCount "37"]
[EventDate "2013.02.13"]
[EventType "swiss"]
[EventRounds "6"]
[EventCountry "ITA"]
[SourceTitle "EXT 2014"]
[Source "ChessBase"]
[SourceDate "2013.11.20"]
[SourceVersion "1"]
[SourceVersionDate "2013.11.20"]
[SourceQuality "1"]

1. d4 f5 2. c4 Nf6 3. g3 e6 4. Bg2 Bb4+ 5. Bd2 Qe7 6. Nc3 0-0 7. a3 Bxc3 8. Bxc3 d6 9. Nf3 Ne4 10. Qc2 Nd7 11. Rd1 e5 12. dxe5 dxe5 13. 0-0 Nxc3 14. Qxc3 e4 15. Nd4 a6 16. Rd2 c5 17. Nc2 Nf6 18. Rfd1 Be6 19. Ne3 1/2-1/2